000 00334 a2200157 4500
001 156966
020 _a9788534927062
040 _cEscola São Tomás de Aquino
100 _aJOSÉ, Elias
240 1 0 _aFernando Pessoa
_lpor
245 1 0 _aFernando Pessoa
300 _a80 p.
362 0 _a2007
697 _aPoesia
942 _cBK
999 _c156966
_d156966